Statystyki dla Kto ma najwięcej występów dla danego klubu?

Kliknij tutaj aby rozwiązać quiz!

Ogólne statystyki

  • Ten quiz został rozwiązany 385 razy
  • Średni wynik to 6 z 14

Statystyki odpowiedzi

KlubPiłkarz% Poprawnych
AC MilanMaldini
83%
Inter MediolanZanetti
73%
Manchester UnitedGiggs
70%
Fc BarcelonaXavi
67%
Real MadrytRaul
66%
JuventusDel Piero
63%
Chelsea FcTerry
49%
LiverpoolCarragher
35%
Atletico MadrytKoke
34%
Manchester CitySilva
32%
Celtic GlasgowBrown
14%
Fc ArsenalSeaman
14%
Sporting LisbonaPatricio
12%
Benfica LisbonaLuisao
6%

Rozkład punktacji

Percentyl według liczby udzielonych odpowiedzi

Procent ludzi z każdym wynikiem

Twoja historia wyników

Nie rozwiązałeś tego quizu